01175cam a2200301 i 450000100090000000300120000900500170002100800410003801000170007902000180009602000150011404000170012904200080014605000250015408200220017910000230020124500820022425000210030626000320032730000470035950400510040665000280045785601470048590600450063294200120067799900170068995201670070617885583NUST - PNEC20170116180752.0130913s2015 maua b 001 0 eng  a 2013037102 a9780133356038 a0133356035 bengcLIBRARY apcc00aTK7871.85b.S77 201500a621.38152 STR2231 aStreetman, Ben G.,10aSolid state electronic devices /cBen G. Streetman and Sanjay Kumar Banerjee. aSeventh edition. aBoston : bPearson,cc2015. axviii, 596 pages :billustrations ;c24 cm aIncludes bibliographical references and index. 0aSemiconductors.xEE, EL uhttp://www.amazon.com/Solid-State-Electronic-Devices-7th/dp/0133356035/ref=sr_1_1?s=books&ie=UTF8&qid=1426059303&sr=1-1&keywords=9780133356038 a7bcbccorignewd1eecipf20gy-gencatlg 2ddccBK c62573d62573 00102ddc4070aPNECbPNECcREFd2015-03-09eZS Dictionary Shop / Library Grantg21215.00l0o621.38152 STRpPNECLIB-032077r2015-03-11v21215.00w2015-03-09yBK